000
00311nam a22001337a 4500
008
170525b xxu||||| |||| 00| 0 eng d
020
_a
9780273024439
041
_a
eng
080
_a
004.4
100
_a
26
101
_a
IM
245
_a
ROBOTICS AND AUTOMATED MANUFACTURING
_c
HARSTEIN.J
942
_2
udc
_c
BK
999
_c
14270
_d
14270